| 000 | 00474nam a2200169 4500 | ||
|---|---|---|---|
| 003 | OSt | ||
| 008 | 240702b |||||||| |||| 00| 0 eng d | ||
| 020 | _a9781785040900 | ||
| 082 |
_a650.1 _bPAH |
||
| 100 | _aPATEL, Neil | ||
| 245 | _aHustle: The power to charge your life with money, meaning and momentum | ||
| 260 |
_aLondon _bPenguin Random House _c2016 |
||
| 300 | _axx, 245 p. | ||
| 650 | _aGeneral | ||
| 700 | _aVLASKOVITS, Patrick, KOFFLER, Jonas | ||
| 942 |
_2ddc _cBK |
||
| 999 |
_c12740 _d12740 |
||